000 00585nam a2200181Ia 4500
999 _c12665
_d12665
082 _aTO.0020
100 _aOm Prakash
245 0 _aDialogue and democracy: a study of engagrment between Indian state and CPI (Marxist-Leninist) groups
260 _c2008
_bUniversity of Delhi, Delhi
300 _a265
504 _aincludes bibliography
650 _aDemocracy
_zIndia
650 _aIndia
_vPolitics and government
_zIndia
650 _aPolitical parties
_zIndia
650 _aCommunist Party of India (Marxist-Leninist)
_zIndia
710 _aSingh, Ujjwal Kumar
942 _cTH
_2ddc